[Event "Sitges Sunway op 10th"]
[Site "Sitges"]
[Date "2023.12.22"]
[Round "10"]
[White "Ezquerro Luque, Albert"]
[Black "Doshi, Moksh Amitbhai"]
[Result "1/2-1/2"]
[WhiteElo "2138"]
[BlackElo "2366"]
[PlyCount "65"]
[EventDate "2023.12.12"]
[EventType "swiss"]
[EventRounds "10"]
[EventCountry "ESP"]
[SourceTitle "CB52_2023"]
[SourceDate "2023.12.27"]
[SourceVersion "1"]
[SourceVersionDate "2023.12.27"]
[SourceQuality "1"]

1. e4 e5 2. Nc3 Nf6 3. Bc4 Nc6 4. d3 Na5 5. Nf3 Nxc4 6. dxc4 Bb4 7. Qd3 d6 8. Bd2 c6 9. a3 Ba5 10. c5 dxc5 11. Qxd8+ Bxd8 12. Nxe5 0-0 13. f3 Re8 14. Nc4 Bc7 15. a4 b6 16. Rd1 Ba6 17. Ne3 Be5 18. Kf2 Rad8 19. Bc1 Nd7 20. Ne2 g6 21. Ng4 Bg7 22. Bf4 f5 23. Nh6+ Bxh6 24. Bxh6 Bxe2 25. Kxe2 fxe4 26. Bg5 exf3+ 27. Kf2 fxg2 28. Kxg2 Re2+ 29. Kf3 Rde8 30. Rxd7 Rxc2 31. Rhd1 Rxh2 32. Bf6 Rhe2 33. Rg7+ 1/2-1/2

[Event "Sitges Sunway op 9th"]
[Site "Sitges"]
[Date "2022.12.20"]
[Round "8"]
[White "Rakhmangulova, Anastasiya"]
[Black "Ezquerro Luque, Albert"]
[Result "1-0"]
[WhiteElo "2296"]
[BlackElo "2134"]
[PlyCount "113"]
[EventDate "2022.12.12"]
[EventType "swiss"]
[EventRounds "10"]
[EventCountry "ESP"]
[SourceTitle "CBM 211 Extra"]
[Source "ChessBase"]
[SourceDate "2023.01.31"]
[SourceVersion "1"]
[SourceVersionDate "2023.01.31"]
[SourceQuality "1"]

1. e4 e5 2. Nf3 Nc6 3. Bb5 a6 4. Bxc6 dxc6 5. 0-0 Bg4 6. h3 h5 7. d3 Qf6 8. Be3 Bxf3 9. Qxf3 Qxf3 10. gxf3 Bd6 11. Nd2 Ne7 12. Rfb1 0-0 13. b4 Ng6 14. a4 f5 15. Kf1 fxe4 16. fxe4 Nf4 17. Bxf4 Rxf4 18. Kg2 Raf8 19. f3 g5 20. c3 Be7 21. Kf2 Kf7 22. Ke2 Ke6 23. Rg1 Rh4 24. Rg3 g4 25. fxg4 hxg4 26. Rxg4 Rxh3 27. Rg6+ Kd7 28. Rag1 c5 29. b5 axb5 30. axb5 Ra8 31. Nf3 Ra2+ 32. Ke3 c4 33. R1g3 Bc5+ 34. d4 exd4+ 35. cxd4 Rxg3 36. Rxg3 Ra3+ 37. Ke2 Ra2+ 38. Ke3 Ra3+ 39. Ke2 Ra2+ 40. Kd1 Bd6 41. Rg7+ Ke8 42. e5 Be7 43. e6 Bd6 44. Nh4 c3 45. Ng6 Rd2+ 46. Ke1 Bg3+ 47. Kf1 Rf2+ 48. Kg1 Rf8 49. Re7+ Kd8 50. Rd7+ Kc8 51. Ne7+ Kb8 52. Nc6+ bxc6 53. e7 Bd6 54. Rd8+ Ka7 55. exf8Q Bxf8 56. Rxf8 cxb5 57. Rf5 1-0

[Event "Sitges Sunway op 9th"]
[Site "Sitges"]
[Date "2022.12.17"]
[Round "6"]
[White "Harish, Neeraj"]
[Black "Ezquerro Luque, Albert"]
[Result "1/2-1/2"]
[WhiteElo "1902"]
[BlackElo "2134"]
[PlyCount "166"]
[EventDate "2022.12.12"]
[EventType "swiss"]
[EventRounds "10"]
[EventCountry "ESP"]
[SourceTitle "CBM 211 Extra"]
[Source "ChessBase"]
[SourceDate "2023.01.31"]
[SourceVersion "1"]
[SourceVersionDate "2023.01.31"]
[SourceQuality "1"]

1. e4 e5 2. Nf3 Nc6 3. Bc4 Bc5 4. 0-0 d6 5. c3 Bg4 6. d3 a6 7. a4 Qf6 8. b4 Bxf3 9. Qxf3 Qxf3 10. gxf3 Ba7 11. Na3 f5 12. b5 axb5 13. axb5 Na5 14. Be6 f4 15. Nc2 Bb6 16. d4 Ke7 17. Ba2 Nf6 18. dxe5 dxe5 19. Ba3+ Kd7 20. c4 c5 21. Ne1 Ke6 22. Nd3 Nd7 23. Rfd1 Rhd8 24. Nb2 Bc7 25. Na4 b6 26. Nc3 Nf6 27. Nd5 Nxd5 28. exd5+ Kf6 29. Bb2 Nb7 30. Re1 Ra4 31. Bc3 Rda8 32. Bb3 Ra3 33. Bb2 Rxa1 34. Rxa1 Rxa1+ 35. Bxa1 Nd6 36. Kf1 g6 37. Ke2 Nf7 38. Kf1 Kg5 39. Bc2 Kh4 40. Kg2 Bd6 41. Bc3 Kg5 42. Be4 Kf6 43. Bc2 h5 44. Bd3 Nh6 45. h3 Nf5 46. Be2 g5 47. Bb2 Nh4+ 48. Kg1 g4 49. fxg4 f3 50. Bd3 hxg4 51. hxg4 Kg5 52. Bc1+ Kxg4 53. Bh7 Ng2 54. Bd2 Nf4 55. Bc3 Be7 56. Be4 Ng2 57. Bd2 Nh4 58. Kh2 Nf5 59. Bd3 Nd6 60. Bh6 e4 61. Bf1 Kf5 62. Kg3 Bg5 63. Bf8 Bf4+ 64. Kh4 Nf7 65. Bh3+ Kf6 66. Kg4 Bd6 67. Bxd6 Nxd6 68. Bf1 Ke5 69. Kg5 Nf5 70. Kg4 Ne7 71. Kg5 Nc8 72. Kg4 Nd6 73. Kg5 Nb7 74. Kg6 Kd4 75. Kf5 e3 76. fxe3+ Kxe3 77. Ke6 Kf2 78. Bh3 Kg3 79. Bf1 Kf2 80. Bh3 Kg3 81. Bf5 Kf4 82. Bh3 Kg3 83. Bf5 Kf4 1/2-1/2

[Event "Sitges Sunway op 8th"]
[Site "Sitges"]
[Date "2021.12.20"]
[Round "7"]
[White "Meister, Peter"]
[Black "Ezquerro Luque, Albert"]
[Result "1/2-1/2"]
[WhiteElo "2359"]
[BlackElo "2112"]
[PlyCount "93"]
[EventDate "2021.12.13"]
[EventType "swiss"]
[EventRounds "10"]
[EventCountry "ESP"]
[SourceTitle "CBM 205 Extra"]
[Source "ChessBase"]
[SourceDate "2022.01.31"]
[SourceVersion "1"]
[SourceVersionDate "2022.01.31"]
[SourceQuality "1"]

1. d4 Nf6 2. Nf3 e6 3. e3 b6 4. Bd3 Bb7 5. 0-0 d5 6. b3 Nbd7 7. c4 Bd6 8. Bb2 Qe7 9. Ne5 0-0 10. Nd2 Bxe5 11. dxe5 Ne4 12. Bxe4 dxe4 13. Qg4 Nc5 14. Ba3 f5 15. exf6 Rxf6 16. Bxc5 bxc5 17. Qh4 Qf7 18. Rad1 Rf8 19. Nb1 Rh6 20. Qg5 Rg6 21. Qe5 Qe7 22. h3 Rf5 23. Qh2 h5 24. Nc3 h4 25. Ne2 e5 26. Nc3 Rfg5 27. Rd2 Qf7 28. Kh1 Kh7 29. Ne2 Bc8 30. Ng1 Be6 31. f4 exf3 32. Rxf3 Qe8 33. Rff2 Qa8 34. Nf3 Rg3 35. e4 Qxe4 36. Rde2 Qa8 37. Nxe5 Rxh3 38. Nxg6 Rxh2+ 39. Kxh2 Bg4 40. Nf8+ Kh6 41. Re5 Qd8 42. Re4 Qd6+ 43. Kg1 Kh5 44. Rff4 Qd1+ 45. Kh2 Qd6 46. Kg1 Qd1+ 47. Kh2 1/2-1/2

[Event "Sitges Sunway op 8th"]
[Site "Sitges"]
[Date "2021.12.13"]
[Round "1"]
[White "Aditya, Mittal"]
[Black "Ezquerro Luque, Albert"]
[Result "1-0"]
[WhiteElo "2459"]
[BlackElo "2112"]
[PlyCount "35"]
[EventDate "2021.12.13"]
[EventType "swiss"]
[EventRounds "10"]
[EventCountry "ESP"]
[SourceTitle "CBM 205 Extra"]
[Source "ChessBase"]
[SourceDate "2022.01.31"]
[SourceVersion "1"]
[SourceVersionDate "2022.01.31"]
[SourceQuality "1"]

1. d4 Nf6 2. c4 e6 3. Nc3 d5 4. cxd5 Nxd5 5. e4 Nxc3 6. bxc3 Nd7 7. Nf3 Be7 8. Bd3 0-0 9. e5 Re8 10. h4 c5 11. Ng5 Bxg5 12. Bxh7+ Kxh7 13. hxg5+ Kg8 14. Qh5 Kf8 15. g6 fxg6 16. Qxg6 Kg8 17. Rh7 Qe7 18. Qh5 1-0

[Event "Sitges Sunway 7th"]
[Site "Sitges"]
[Date "2020.12.15"]
[Round "3"]
[White "Vlachos, Anatole"]
[Black "Ezquerro Luque, Albert"]
[Result "0-1"]
[WhiteElo "2413"]
[BlackElo "2101"]
[PlyCount "112"]
[EventDate "2020.12.13"]
[EventType "swiss"]
[EventRounds "10"]
[EventCountry "ESP"]
[SourceTitle "CBM 199 Extra"]
[Source "ChessBase"]
[SourceDate "2021.01.31"]
[SourceVersion "1"]
[SourceVersionDate "2021.01.31"]
[SourceQuality "1"]

1. d4 Nf6 2. c4 e6 3. Nf3 b6 4. g3 Bb7 5. Bg2 Ne4 6. 0-0 f5 7. d5 Na6 8. Nd4 Qf6 9. Bxe4 fxe4 10. Nc3 exd5 11. cxd5 Bc5 12. Nc2 Qg6 13. Be3 0-0 14. Bxc5 bxc5 15. Ne3 d6 16. a3 Nb8 17. Qa4 Qf7 18. Nxe4 Bxd5 19. Nxd5 Qxd5 20. Rad1 Qc6 21. Qc4+ Kh8 22. Ng5 h6 23. Ne6 Re8 24. Qg4 Qd7 25. Qf3 Na6 26. Nf4 Rab8 27. Rd2 Qf7 28. h4 Rb3 29. Qg4 Nb8 30. Rd5 Nd7 31. Rd2 Ne5 32. Qh5 Qxh5 33. Nxh5 Reb8 34. Nf4 Rxb2 35. Rxb2 Rxb2 36. Rc1 Kg8 37. Nd5 Rxe2 38. Nxc7 Nd3 39. Rd1 c4 40. Nd5 Kf7 41. f3 Ke6 42. Rxd3 cxd3 43. Nf4+ Ke5 44. Nxe2 dxe2 45. Kf2 Kd4 46. Kxe2 h5 47. Kd2 d5 48. Ke2 Kc3 49. g4 d4 50. Kd1 Kd3 51. gxh5 Ke3 52. a4 Kxf3 53. Kd2 Kg4 54. Kd3 Kxh5 55. Kxd4 Kxh4 56. Ke3 Kg3 0-1

[Event "Sitges Sunway 7th"]
[Site "Sitges"]
[Date "2020.12.13"]
[Round "1"]
[White "Cuenca Jimenez, Jose Fernando"]
[Black "Ezquerro Luque, Albert"]
[Result "1-0"]
[WhiteElo "2528"]
[BlackElo "2101"]
[PlyCount "47"]
[EventDate "2020.12.13"]
[EventType "swiss"]
[EventRounds "10"]
[EventCountry "ESP"]
[SourceTitle "CBM 199 Extra"]
[Source "ChessBase"]
[SourceDate "2021.01.31"]
[SourceVersion "1"]
[SourceVersionDate "2021.01.31"]
[SourceQuality "1"]

1. d4 f5 2. Nc3 Nf6 3. Bg5 d5 4. e3 g6 5. h4 h5 6. Nf3 Be6 7. Ne5 Bf7 8. Ne2 Ne4 9. Nf4 Qd6 10. c3 c6 11. Qb3 b6 12. c4 Nd7 13. Nxf7 Kxf7 14. cxd5 cxd5 15. Nxd5 e6 16. Nc3 Qb4 17. Bb5 Qxb3 18. axb3 Bb4 19. Bxd7 Nxc3 20. bxc3 Bxc3+ 21. Ke2 Bxa1 22. Rxa1 a5 23. Rc1 Ra7 24. Bb5 1-0

[Event "Catalunya-chT GpA final"]
[Site "Barcelona"]
[Date "2017.04.01"]
[Round "4.4"]
[White "Ezquerro Luque, Albert"]
[Black "Vila Gazquez, Xavier"]
[Result "0-1"]
[WhiteElo "2127"]
[BlackElo "2465"]
[PlyCount "98"]
[EventDate "2017.03.11"]
[EventType "team-tourn"]
[EventRounds "11"]
[EventCountry "ESP"]
[SourceTitle "EXT 2018"]
[Source "ChessBase"]
[SourceDate "2017.10.13"]
[SourceVersion "1"]
[SourceVersionDate "2017.10.13"]
[SourceQuality "1"]
[WhiteTeam "Peona I Peo"]
[BlackTeam "Barbera"]
[WhiteTeamCountry "ESP"]
[BlackTeamCountry "ESP"]

1. e4 c5 2. Nc3 Nc6 3. f4 g6 4. Nf3 Bg7 5. Bb5 Nd4 6. 0-0 Nxb5 7. Nxb5 d6 8. c3 Nf6 9. d3 0-0 10. Qe1 Bg4 11. Na3 Rb8 12. Nc2 b5 13. Ne3 Bxf3 14. Rxf3 Nd7 15. g4 e6 16. h4 f5 17. exf5 exf5 18. g5 Nb6 19. Rb1 Qd7 20. b3 d5 21. Ba3 Rfc8 22. c4 Bd4 23. Kg2 dxc4 24. dxc4 Re8 25. Qc1 bxc4 26. Nxc4 Re2+ 27. Kg3 Rbe8 28. Nxb6 axb6 29. Qc4+ Qf7 30. Qxf7+ Kxf7 31. b4 Rxa2 32. bxc5 bxc5 33. Rb7+ Re7 34. Rfb3 Rae2 35. Bb2 Bxb2 36. Rxb2 Rxb2 37. Rxb2 Ke6 38. h5 gxh5 39. Kh4 c4 40. Rb6+ Kd5 41. Rb5+ Kd4 42. Rxf5 c3 43. Ra5 c2 44. Ra1 Rc7 45. Rc1 Ke4 46. Kxh5 Kxf4 47. Rf1+ Ke4 48. Re1+ Kd3 49. Kh6 Kd2 0-1

[Event "Catalunya-chT Gp1"]
[Site "Barcelona"]
[Date "2017.03.04"]
[Round "7.6"]
[White "Delisau Gil, Oriol"]
[Black "Ezquerro Luque, Albert"]
[Result "1-0"]
[WhiteElo "2164"]
[BlackElo "2127"]
[PlyCount "81"]
[EventDate "2017.01.21"]
[EventType "team-tourn"]
[EventRounds "7"]
[EventCountry "ESP"]
[SourceTitle "EXT 2018"]
[Source "ChessBase"]
[SourceDate "2017.10.13"]
[SourceVersion "1"]
[SourceVersionDate "2017.10.13"]
[SourceQuality "1"]
[WhiteTeam "Sant Andreu"]
[BlackTeam "Peona I Peo"]
[WhiteTeamCountry "ESP"]
[BlackTeamCountry "ESP"]

1. Nf3 f5 2. d4 Nf6 3. g3 g6 4. Bg2 Bg7 5. 0-0 0-0 6. b3 d6 7. Bb2 c6 8. Nbd2 Na6 9. c4 e5 10. dxe5 Ng4 11. Ba3 Nxe5 12. Nxe5 Bxe5 13. Rc1 Qa5 14. Nb1 Rd8 15. Rc2 Qb6 16. Rd2 Nb4 17. Kh1 c5 18. Bb2 Be6 19. Nc3 Kf8 20. Na4 Qa5 21. Bxe5 dxe5 22. Nxc5 Qxc5 23. Rxd8+ Rxd8 24. Qxd8+ Kf7 25. Bxb7 Nxa2 26. Bd5 Bxd5+ 27. Qxd5+ Qxd5+ 28. cxd5 Nc3 29. Ra1 Nxe2 30. Rxa7+ Ke8 31. Rxh7 Nc3 32. Rg7 Nxd5 33. Rxg6 Kf7 34. Ra6 Nb4 35. Ra4 Nd3 36. Kg2 Ne1+ 37. Kf1 Nf3 38. b4 Nxh2+ 39. Kg2 Ng4 40. b5 Ke7 41. Rxg4 1-0

[Event "Barbera del Valles op 39th"]
[Site "Barbera del Valles"]
[Date "2016.07.09"]
[Round "6"]
[White "Cruz Estrada, Filemon"]
[Black "Ezquerro Luque, Albert"]
[Result "1/2-1/2"]
[WhiteElo "2407"]
[BlackElo "2110"]
[PlyCount "90"]
[EventDate "2016.07.04"]
[EventType "swiss"]
[EventRounds "9"]
[EventCountry "ESP"]
[SourceTitle "EXT 2017"]
[Source "ChessBase"]
[SourceDate "2016.10.25"]
[SourceVersion "1"]
[SourceVersionDate "2016.10.25"]
[SourceQuality "1"]

1. Nf3 Nf6 2. g3 e6 3. Bg2 d5 4. c4 c6 5. Qc2 Bd6 6. d4 Ne4 7. Nbd2 Nxd2 8. Bxd2 dxc4 9. Qxc4 0-0 10. Bb4 b6 11. Bxd6 Qxd6 12. 0-0 Ba6 13. Qc2 Nd7 14. Rfd1 Rac8 15. Rac1 Rc7 16. e4 Rfc8 17. h4 Qe7 18. Qd2 c5 19. d5 exd5 20. exd5 Qd6 21. h5 Re8 22. Re1 Rcc8 23. h6 Ne5 24. Nxe5 Rxe5 25. Rxe5 Qxe5 26. d6 Bb5 27. Re1 Qf6 28. Bf1 Bc6 29. Bg2 Bb5 30. b3 Rd8 31. a4 Bd7 32. Re7 Be6 33. Bd5 Bxd5 34. Qxd5 gxh6 35. Rxa7 Rxd6 36. Qe4 Re6 37. Qg4+ Qg5 38. Qf3 Rf6 39. Qe2 Qf5 40. a5 bxa5 41. Rxa5 Re6 42. Qd1 Re5 43. Qa1 Qe4 44. Ra8+ Kg7 45. Re8 Kf6 1/2-1/2

[Event "Barbera del Valles op 39th"]
[Site "Barbera del Valles"]
[Date "2016.07.06"]
[Round "3"]
[White "Ezquerro Luque, Albert"]
[Black "Sos Andreu, Eric"]
[Result "0-1"]
[WhiteElo "2110"]
[BlackElo "2361"]
[PlyCount "58"]
[EventDate "2016.07.04"]
[EventType "swiss"]
[EventRounds "9"]
[EventCountry "ESP"]
[SourceTitle "EXT 2017"]
[Source "ChessBase"]
[SourceDate "2016.10.25"]
[SourceVersion "1"]
[SourceVersionDate "2016.10.25"]
[SourceQuality "1"]

1. e4 c6 2. Nf3 d5 3. exd5 cxd5 4. Ne5 Nc6 5. d4 Nf6 6. Bb5 Bd7 7. Bxc6 Bxc6 8. 0-0 e6 9. a4 Be7 10. Nc3 0-0 11. Re1 Rc8 12. Re3 g6 13. Rh3 Nd7 14. Qd2 h5 15. g4 Nxe5 16. gxh5 g5 17. Rg3 Nc4 18. Qd3 Kh8 19. f4 Rg8 20. fxg5 Bxg5 21. Kh1 Bxc1 22. Rxg8+ Qxg8 23. Rxc1 Qh7 24. Qf3 Qf5 25. Qe2 Rg8 26. Rf1 Qg5 27. b3 Ne3 28. Re1 Nf5 29. Qe5+ f6 0-1

[Event "Barbera del Valles op 39th"]
[Site "Barbera del Valles"]
[Date "2016.07.04"]
[Round "1"]
[White "Ezquerro Luque, Albert"]
[Black "Gual Pascual, Antonio"]
[Result "0-1"]
[WhiteElo "2110"]
[BlackElo "2416"]
[PlyCount "86"]
[EventDate "2016.07.04"]
[EventType "swiss"]
[EventRounds "9"]
[EventCountry "ESP"]
[SourceTitle "EXT 2017"]
[Source "ChessBase"]
[SourceDate "2016.10.25"]
[SourceVersion "1"]
[SourceVersionDate "2016.10.25"]
[SourceQuality "1"]

1. e4 g6 2. Nc3 Bg7 3. f4 a6 4. g3 b5 5. Bg2 Bb7 6. Nh3 e6 7. d4 Ne7 8. Be3 d6 9. 0-0 Nd7 10. Qd2 0-0 11. g4 Rb8 12. Rad1 d5 13. f5 b4 14. Ne2 dxe4 15. fxe6 fxe6 16. Nef4 Bd5 17. Ng5 Rb6 18. Bxe4 Bxe4 19. Nfxe6 Rxf1+ 20. Rxf1 Qc8 21. d5 Bxd5 22. Bxb6 cxb6 23. Qf4 Bf6 24. Rf2 Qc4 25. Qxc4 Bxc4 26. b3 Bd5 27. Re2 h6 28. Ne4 Be5 29. Nd8 Kf8 30. g5 hxg5 31. Nxg5 Nf5 32. Nde6+ Kg8 33. Rd2 Nf6 34. Re2 Bd6 35. Rd2 Ng7 36. a3 Nxe6 37. Nxe6 bxa3 38. c4 Ne4 39. Rxd5 a2 40. Rd1 Be5 41. Kg2 Nd2 42. c5 bxc5 43. Nxc5 Nb1 0-1

[Event "Catalunya-chT Gp2 final"]
[Site "Barcelona"]
[Date "2016.04.02"]
[Round "2.3"]
[White "Gomez Jurado, Luis Alberto"]
[Black "Ezquerro Luque, Albert"]
[Result "1-0"]
[WhiteElo "2175"]
[BlackElo "2096"]
[PlyCount "73"]
[EventDate "2016.03.12"]
[EventType "team-tourn"]
[EventRounds "4"]
[EventCountry "ESP"]
[SourceTitle "CBM 171 Extra"]
[Source "ChessBase"]
[SourceDate "2016.04.26"]
[SourceVersion "1"]
[SourceVersionDate "2016.04.26"]
[SourceQuality "1"]
[WhiteTeam "Sant Josep de Badalona"]
[BlackTeam "Peona I Peo"]
[WhiteTeamCountry "ESP"]
[BlackTeamCountry "ESP"]

1. c4 d6 2. g3 g6 3. Bg2 Bg7 4. Nc3 e5 5. e4 Ne7 6. Nge2 Nbc6 7. d3 h5 8. h4 Nd4 9. 0-0 0-0 10. Nxd4 exd4 11. Ne2 Nc6 12. a3 a5 13. b3 Ne7 14. Kh2 c5 15. Bg5 f6 16. Bd2 Nc6 17. Nf4 Ne5 18. f3 Kf7 19. Bh3 Bxh3 20. Nxh3 Qd7 21. Nf2 f5 22. Bf4 Ke7 23. Ra2 b5 24. Bxe5 Bxe5 25. f4 Bf6 26. exf5 gxf5 27. Qxh5 Rh8 28. Re1+ Kd8 29. Qg6 Rf8 30. Rae2 Kc7 31. Re6 Bd8 32. cxb5 a4 33. b4 cxb4 34. Rc1+ Kb8 35. Rxd6 Qxb5 36. Qg7 Qe8 37. Rd7 1-0

[Event "Catalunya-chT Gp2"]
[Site "Barcelona"]
[Date "2016.03.05"]
[Round "7.4"]
[White "Lorenzo de la Riva, Lazaro"]
[Black "Ezquerro Luque, Albert"]
[Result "1-0"]
[WhiteElo "2386"]
[BlackElo "2096"]
[PlyCount "111"]
[EventDate "2016.01.23"]
[EventType "team-tourn"]
[EventRounds "7"]
[EventCountry "ESP"]
[SourceTitle "EXT 2017"]
[Source "ChessBase"]
[SourceDate "2016.10.25"]
[SourceVersion "1"]
[SourceVersionDate "2016.10.25"]
[SourceQuality "1"]
[WhiteTeam "Colon Sabadell"]
[BlackTeam "Peona I Peo"]
[WhiteTeamCountry "ESP"]
[BlackTeamCountry "ESP"]

1. d4 d6 2. Nc3 g6 3. e4 Bg7 4. Be3 Nd7 5. h4 h5 6. Nh3 Nh6 7. Qd2 a6 8. Ng5 b5 9. a4 b4 10. Nd5 c5 11. dxc5 dxc5 12. Bf4 Ne5 13. 0-0-0 Bb7 14. Ne3 0-0 15. Qxd8 Rfxd8 16. Rxd8+ Rxd8 17. f3 e6 18. Nc4 Nc6 19. Be2 Nd4 20. Bd1 f6 21. Nh3 Nf7 22. c3 Nc6 23. Bb3 Bf8 24. Kc2 e5 25. Be3 Bc8 26. Nb6 Na5 27. Bd5 Bb7 28. Rd1 Bxd5 29. Nxd5 b3+ 30. Kd3 Rd6 31. c4 Nd8 32. Kc3 Ndb7 33. Nf2 Kf7 34. Nd3 Rc6 35. Nc1 Nxc4 36. Kxc4 Na5+ 37. Kc3 c4 38. Bb6 Nb7 39. Bf2 a5 40. Ne2 f5 41. Kd2 fxe4 42. fxe4 Bb4+ 43. Nec3 Nc5 44. Bxc5 Bxc5 45. Ke2 Bd4 46. Rc1 Ke6 47. Ne3 Bxe3 48. Kxe3 Kd6 49. Rd1+ Kc7 50. Rd5 Re6 51. Rxa5 Kb6 52. Ra8 Kc5 53. a5 Rf6 54. Rc8+ Kd6 55. Rxc4 Rf4 56. a6 1-0

[Event "Catalunya-chT Gp2"]
[Site "Barcelona"]
[Date "2016.02.13"]
[Round "4.2"]
[White "Chalmeta Torredemer, Josep"]
[Black "Ezquerro Luque, Albert"]
[Result "0-1"]
[WhiteElo "2144"]
[BlackElo "2096"]
[PlyCount "81"]
[EventDate "2016.01.23"]
[EventType "team-tourn"]
[EventRounds "7"]
[EventCountry "ESP"]
[SourceTitle "EXT 2017"]
[Source "ChessBase"]
[SourceDate "2016.10.25"]
[SourceVersion "1"]
[SourceVersionDate "2016.10.25"]
[SourceQuality "1"]
[WhiteTeam "Sant Boi"]
[BlackTeam "Peona I Peo"]
[WhiteTeamCountry "ESP"]
[BlackTeamCountry "ESP"]

1. d4 d6 2. c4 g6 3. Nc3 Bg7 4. e4 Nd7 5. f4 e5 6. fxe5 dxe5 7. d5 Ne7 8. Bd3 0-0 9. Be3 f5 10. Qd2 f4 11. Bf2 g5 12. h3 Ng6 13. 0-0-0 b6 14. c5 Re8 15. c6 Nf6 16. Bc4 Bf8 17. Qd3 Bd6 18. Nb5 Rf8 19. Nxd6 Qxd6 20. Nf3 h6 21. Nd2 Kg7 22. Bb3 Ne8 23. a3 Qf6 24. Be1 Nd6 25. Nc4 Ba6 26. Bb4 Rad8 27. Qc2 Bxc4 28. Bxc4 Nh4 29. Bd3 a5 30. Bxd6 Qxd6 31. Qf2 Rb8 32. Rd2 b5 33. Rf1 a4 34. b4 axb3 35. Kb2 Ra8 36. Ra1 Ra4 37. Bxb5 Rxe4 38. a4 Re3 39. Rad1 e4 40. Rd4 Nf5 41. Rxe4 0-1

[Event "Barcelona Sant Marti rapid op 6th"]
[Site "Barcelona"]
[Date "2015.09.19"]
[Round "5.1"]
[White "Ezquerro Luque, Albert"]
[Black "Martinez Pla, Xavier"]
[Result "1/2-1/2"]
[WhiteElo "2288"]
[BlackElo "2225"]
[PlyCount "96"]
[EventDate "2015.09.19"]
[EventType "swiss (rapid)"]
[EventRounds "9"]
[EventCountry "ESP"]
[SourceTitle "EXT 2024"]
[Source "ChessBase"]
[SourceDate "2023.10.10"]
[SourceVersion "1"]
[SourceVersionDate "2023.10.10"]
[SourceQuality "1"]

1. e4 c5 2. Nc3 Nc6 3. f4 g6 4. Nf3 Bg7 5. Bc4 e6 6. f5 gxf5 7. d3 Bxc3+ 8. bxc3 Qa5 9. 0-0 b5 10. Bb3 Nge7 11. exf5 Bb7 12. fxe6 dxe6 13. Ng5 0-0-0 14. Nxf7 c4 15. Qe2 cxb3 16. Qxe6+ Kb8 17. axb3 Qxc3 18. Nxd8 Rxd8 19. Kh1 Qxc2 20. Bf4+ Ka8 21. Be3 Qxd3 22. Bxa7 Nxa7 23. Qxe7 Qd5 24. Ra2 Qd3 25. Qf6 Kb8 26. Qf4+ Qd6 27. Qxd6+ Rxd6 28. h3 Rd3 29. Rf8+ Nc8 30. Kh2 Rxb3 31. Rc2 Rd3 32. Rf5 b4 33. Rb5 Rb3 34. Rc4 Rb2 35. Rbxb4 Rxg2+ 36. Kh1 Rg7+ 37. Kh2 Nd6 38. Rd4 Rg2+ 39. Kh1 Rb2+ 40. Kg1 Rxb4 41. Rxb4 Kc7 42. Rh4 Bd5 43. Rxh7+ Kd8 44. Kf2 Nf7 45. h4 Ke7 46. Ke3 Kf6 47. Kd4 Kg6 48. Rxf7 Bxf7 1/2-1/2

[Event "Barcelona Sant Marti rapid op 6th"]
[Site "Barcelona"]
[Date "2015.09.19"]
[Round "1.4"]
[White "Ezquerro Luque, Albert"]
[Black "Moreno Perez, Norberto"]
[Result "1-0"]
[WhiteElo "2288"]
[BlackElo "2058"]
[PlyCount "92"]
[EventDate "2015.09.19"]
[EventType "swiss (rapid)"]
[EventRounds "9"]
[EventCountry "ESP"]
[SourceTitle "EXT 2024"]
[Source "ChessBase"]
[SourceDate "2023.10.10"]
[SourceVersion "1"]
[SourceVersionDate "2023.10.10"]
[SourceQuality "1"]

1. e4 e5 2. Nc3 Nf6 3. g3 Bb4 4. Bg2 c6 5. Nge2 0-0 6. 0-0 d5 7. d3 d4 8. Nb1 Bg4 9. h3 Be6 10. f4 exf4 11. gxf4 c5 12. Ng3 Nc6 13. Kh2 Ba5 14. Nh5 Bc7 15. Kh1 Qe7 16. f5 Nxh5 17. Qxh5 Bd7 18. Rf2 f6 19. Nd2 Be8 20. Qe2 Qe5 21. Nf1 Qe7 22. Bf3 Ne5 23. Bh5 Rc8 24. b3 b5 25. Bxe8 Qxe8 26. Rg2 Kh8 27. a4 b4 28. Bd2 a5 29. Ng3 Bb8 30. Rag1 Rc7 31. Nh5 Rff7 32. Nf4 Rce7 33. Ne6 Bd6 34. Qh5 Rxe6 35. fxe6 Qxe6 36. Rf1 g6 37. Qh4 Be7 38. Qg3 Kg7 39. Bf4 Bd6 40. h4 Rf8 41. Kh2 Rf7 42. Qh3 Qxh3+ 43. Kxh3 h6 44. Rfg1 g5 45. hxg5 hxg5 46. Bg3 Bc7 1-0

[Event "Catalunya-chT Gp1"]
[Site "Barcelona"]
[Date "2015.02.14"]
[Round "4.3"]
[White "Ezquerro Luque, Albert"]
[Black "Ibanez Tarradellas, Eduardo"]
[Result "1/2-1/2"]
[WhiteElo "2059"]
[BlackElo "2267"]
[PlyCount "75"]
[EventDate "2015.01.24"]
[EventType "team-tourn"]
[EventRounds "7"]
[EventCountry "ESP"]
[SourceTitle "CBM 164 Extra"]
[Source "ChessBase"]
[SourceDate "2015.03.02"]
[SourceVersion "1"]
[SourceVersionDate "2015.03.02"]
[SourceQuality "1"]
[WhiteTeam "Peona I Peo"]
[BlackTeam "Barcelona Escola Escacs"]
[WhiteTeamCountry "ESP"]
[BlackTeamCountry "ESP"]

1. e4 c5 2. Nc3 a6 3. g3 b5 4. Bg2 Bb7 5. Nge2 e6 6. d3 Nc6 7. 0-0 d6 8. f4 Nf6 9. h3 b4 10. Nb1 d5 11. Nd2 dxe4 12. Nxe4 Be7 13. g4 Nxe4 14. dxe4 0-0 15. Be3 Qc7 16. Ng3 Rfd8 17. Qe1 Nd4 18. Qf2 Bh4 19. Kh2 Rac8 20. Rfd1 g5 21. Rf1 a5 22. c3 bxc3 23. bxc3 Nb5 24. Qc2 Bxg3+ 25. Kxg3 Ba6 26. Rfd1 Na3 27. Qf2 Nc4 28. e5 Rb8 29. Bxc5 gxf4+ 30. Qxf4 Rxd1 31. Qg5+ Kh8 32. Qf6+ Kg8 33. Qg5+ Kh8 34. Rxd1 Qxc5 35. Qf6+ Kg8 36. Qg5+ Kf8 37. Rd8+ Rxd8 38. Qxd8+ 1/2-1/2

[Event "Catalunya-chT"]
[Site "Catalunya"]
[Date "2014.04.05"]
[Round "11.2"]
[White "Velasco Blasco, Juan Manuel"]
[Black "Ezquerro Luque, Albert"]
[Result "1-0"]
[WhiteElo "2118"]
[BlackElo "2059"]
[PlyCount "89"]
[EventDate "2014.01.25"]
[EventType "team"]
[EventRounds "11"]
[EventCountry "ESP"]
[SourceTitle "EXT 2015"]
[Source "ChessBase"]
[SourceDate "2014.11.20"]
[SourceVersion "1"]
[SourceVersionDate "2014.11.20"]
[SourceQuality "1"]
[WhiteTeam "Reus Deportiu"]
[BlackTeam "Peona I Peo"]
[WhiteTeamCountry "ESP"]
[BlackTeamCountry "ESP"]

1. d4 d6 2. e4 g6 3. Nc3 Bg7 4. f4 Nd7 5. Nf3 c5 6. Bc4 Nb6 7. Bxf7+ Kxf7 8. dxc5 Bxc3+ 9. bxc3 Nf6 10. cxb6 Qxb6 11. Qd3 Bd7 12. Be3 Qa5 13. 0-0 Rhc8 14. e5 Nd5 15. e6+ Bxe6 16. Ng5+ Kg8 17. Nxe6 Nxc3 18. f5 Qd5 19. fxg6 Qxd3 20. cxd3 hxg6 21. Rf2 Nd5 22. Bd4 Nc7 23. Nxc7 Rxc7 24. Raf1 e5 25. Bb2 Rac8 26. Rf6 Rc2 27. Ba3 Rxa2 28. Bxd6 Rcc2 29. Bxe5 Rxg2+ 30. Kh1 Kh7 31. Rf7+ Kh6 32. Rxb7 a5 33. Bf4+ Kh5 34. Rh7+ Kg4 35. h3+ Kf5 36. Bd2+ Ke5 37. Kxg2 Rxd2+ 38. Rf2 Rxd3 39. Ra2 Rd5 40. Ra7 Kf6 41. R7xa5 Rd3 42. Rf2+ Kg7 43. Rf3 Rd4 44. Ra6 Rb4 45. Rg3 1-0